Analysis of Demand for Sustainable Office Buildings in the Budapest Commercial Real Estate Sector

Bibliographic Details
Main Author: Cerf Noémi
Other Authors: Bartha-Horváth Bálint
Vallyon Dr. Andrea Júlia
Format: Thesis
Kulcsszavak:Budapest
commercial real estate
CRE
ESG
office building
offices
sustainability
sustainable development
Online Access:http://dolgozattar.uni-bge.hu/58051

MARC

LEADER 00000nta a2200000 i 4500
001 dolg58051
005 20250923125516.0
008 250923suuuu hu om 000 eng d
040 |a BGE Dolgozattár Repozitórium  |b hun 
041 |a en 
100 1 |a Cerf Noémi 
245 1 0 |a Analysis of Demand for Sustainable Office Buildings in the Budapest Commercial Real Estate Sector  |c Cerf Noémi  |h [elektronikus dokumentum] 
520 3 |a This thesis examines demand for sustainable office buildings in the Budapest office market. Environmental concerns urge change, and since the built environment accounts for a significant percentage of emissions a path toward sustainability must be taken. Awareness regarding sustainability is on the rise, with ESG being the buzzword of this decade. This shift also impacts tenants, whose expectations and requirements are continuously evolving. To uncover key factors driving demand and the role ESG plays in it, exploratory research was conducted with the utilisation of secondary data involving existing academic papers and market reports, additionally, primary research included three in-depth interviews with industry experts. Results show that demand for sustainable office buildings stem from a mixture of the growing importance of ESG in companies’ lives due to regulatory pressure and the practical nature of these properties, where occupiers can benefit from energy efficiency and social amenities fostering employee well-being. 
695 |a Budapest 
695 |a commercial real estate 
695 |a CRE 
695 |a ESG 
695 |a office building 
695 |a offices 
695 |a sustainability 
695 |a sustainable development 
700 1 |a Bartha-Horváth Bálint  |e ths 
700 1 |a Vallyon Dr. Andrea Júlia  |e ths 
856 4 0 |u http://dolgozattar.uni-bge.hu/58051/1/Cerf%20No%C3%A9mi_Thesis_Analysis%20of%20Demand%20for%20Sustainable%20Office%20Buildings%20in%20the%20Budapest%20Commercial%20Real%20Estate%20Sector.pdf  |z Dokumentum-elérés 
856 4 0 |u http://dolgozattar.uni-bge.hu/58051/2/Thesis%20review_No%C3%A9mi%20Cerf_BBH%20reviewer.pdf  |z Dokumentum-elérés 
856 4 0 |u http://dolgozattar.uni-bge.hu/58051/3/Cerf%20No%C3%A9mi.pdf  |z Dokumentum-elérés